| 000 | 00339nam a22001217a 4500 | ||
|---|---|---|---|
| 020 | _a0121674517 | ||
| 082 |
_222 _a005.133 |
||
| 100 | _aChamplain, Michel de and Patrick, Brian G. | ||
| 245 |
_aC# 2.0 : _bpractical guide for programmers / |
||
| 260 |
_aBoston, _bElesvier, _cc2005. |
||
| 300 |
_axix, 251p. ; _bill. ; _c23 cm. |
||
| 942 |
_2ddc _cIT |
||
| 999 |
_c2168 _d2168 |
||